Statistics for Countries of Oceania in Alphabetical Order

Click here to take the quiz!

General Stats

  • This quiz has been taken 36 times
  • The average score is 13 of 14

Answer Stats

Starts WithCountry% Correct
AAustralia
97%
NNauru
97%
VVanuatu
97%
KKiribati
94%
PPalau
94%
FFiji
90%
MMarshall Islands
90%
NNew Zealand
90%
SSolomon Islands
90%
TTonga
90%
PPapua New Guinea
84%
SSamoa
84%
TTuvalu
84%
FFederated States of Micronesia
71%

Score Distribution

Percentile by Number Answered

Percent of People with Each Score

Your Score History

You have not taken this quiz